| 000 | 00746nam a2200205 4500 | ||
|---|---|---|---|
| 001 | 7845 | ||
| 005 | 20230411135935.0 | ||
| 008 | 230411b |||||||| |||| 00| 0 eng d | ||
| 020 | 0 | 0 | _a9780751530742 |
| 100 | 0 | 0 | _aCornwell, Patricia. |
| 245 | 0 | 0 |
_aBlow Fly : _bthe new Scarpetta novel / _cPatricia Cornwell |
| 260 | 0 | 0 |
_aLondon : _bTime Warner, _c2004. |
| 300 | 0 | 0 | _a526 p. ; 18cm. |
| 500 | 0 | 0 | _aOriginally published: London: Little, Brown, 2003. |
| 520 | _aIn this new Kay Scarpetta paperback, she is presented with her most challenging case yet - and the biggest shock of her life. | ||
| 650 | 0 | 0 | _aScarpetta, Kay (Fictitious character) Fiction. |
| 650 | 0 | 0 | _aWomen pathologists Fiction. |
| 942 |
_2ddc _cFIC |
||
| 999 |
_c6732 _d6732 |
||